Библиография Победы

“Убежден: опыт солидарности, партнерства в годы борьбы с общей угрозой — это наше бесценное наследие, прочная опора именно сейчас, когда набирает силу необратимое движение к более справедливому многополярному миру, основанному на принципах доверия и неделимой безопасности, равных возможностей для самобытного и свободного развития всех стран и народов.”

В.В. Путин

АДЖАРИЯ (Запись № 1229)

Подробности
000 -МАРКЕР
контрольное поле 01972nas1a2200373 4500
001 - ИДЕНТИФИКАТОР ЗАПИСИ
контрольное поле RU\NLR\DIGIT\NP\000452
005 - ИДЕНТИФИКАТОР ВЕРСИИ
контрольное поле 20250807185223.0
035 ## - ДРУГИЕ СИСТЕМНЫЕ НОМЕРА
Идентификатор записи (NLR Aleph) 010181289
100 ## - ДАННЫЕ ОБЩЕЙ ОБРАБОТКИ
Данные общей обработки 20250807 rusy50
101 0# - ЯЗЫК РЕСУРСА
Язык текста, звукозаписи и т.д. русский
102 ## - СТРАНА ПУБЛИКАЦИИ ИЛИ ПРОИЗВОДСТВА
Страна публикации Российская Федерация
110 ## - ПОЛЕ КОДИРОВАННЫХ ДАННЫХ: ПРОДОЛЖАЮЩИЕСЯ РЕСУРСЫ
Кодированные данные продолжающегося ресурса cya||||||||
200 1# - ЗАГЛАВИЕ И СВЕДЕНИЯ ОБ ОТВЕТСТВЕННОСТИ
Основное заглавие АДЖАРИЯ
207 #0 - ОБЛАСТЬ СПЕЦИФИЧЕСКИХ СВЕДЕНИЙ: НУМЕРАЦИЯ ПРОДОЛЖАЮЩИХСЯ РЕСУРСОВ
Нумерация: даты и обозначения томов 1921, [18] марта - [2006, 15 июля]
210 ## - ПУБЛИКАЦИЯ, РАСПРОСТРАНЕНИЕ И ДР.
Место издания, распространения и т.д. Батуми
Дата издания, распространения и т.д. 1944
430 #0 - ПРОДОЛЖЕН
Встроенное поле 2001#$aИзвестия Батумского областного революционного комитета и областного комитета КП Г[рузии]
430 #0 - ПРОДОЛЖЕН
Встроенное поле 2001#$aИзвестия
430 #0 - ПРОДОЛЖЕН
Встроенное поле 2001#$aТрудовой Батум
430 #0 - ПРОДОЛЖЕН
Встроенное поле 2001#$aТрудовой Аджаристан
430 #0 - ПРОДОЛЖЕН
Встроенное поле 2001#$aБатумский рабочий
430 #0 - ПРОДОЛЖЕН
Встроенное поле 2001#$aСоветская Аджария
430 #0 - ПРОДОЛЖЕН
Встроенное поле 2001#$aАджария
540 1# - ДОПОЛНИТЕЛЬНОЕ ЗАГЛАВИЕ, ПРИМЕНЯЕМОЕ КАТАЛОГИЗАТОРОМ
Заглавие Батумский рабочий
801 #0 - ИСТОЧНИК ЗАПИСИ
Страна Российская Федерация
Организация Elar
852 ## - МЕСТОНАХОЖДЕНИЕ И ШИФР ХРАНЕНИЯ
Идентификатор организации NLR
Шифр хранения (Call Number) Р10766
852 ## - МЕСТОНАХОЖДЕНИЕ И ШИФР ХРАНЕНИЯ
Идентификатор организации NLR
Шифр хранения (Call Number) Р2/33
942 ## - ДОПОЛНИТЕЛЬНЫЕ ЭЛЕМЕНТЫ ЗАПИСИ (АБИС)
Тип экземпляра АБИС Газета
945 ## - Информацию об издании предоставили:
Полное название организации, предоставившей материал Российская национальная библиотека
980 ## - КОЛЛЕКЦИЯ
Название коллекции Национальная библиография
980 ## - КОЛЛЕКЦИЯ
Название коллекции Библиография Победы

Нет доступных экземпляров.